Loading...
| Fine Arts - Painting and Sculpture | 0 | 7 | 1 | 0 | 65 | 60 | 93.00 | 3 | 7 |
| Literature - World Literature | 0 | 5 | 0 | 0 | 50 | 72 | 92.80 | 0 | 2 |
| Literature - American Literature | 0 | 5 | 0 | 0 | 50 | 42 | 91.40 | 1 | 3 |
| Literature - European Literature | 0 | 5 | 0 | 3 | 50 | 89 | 119.80 | 1 | 1 |
| Literature - British Literature | 0 | 4 | 0 | 0 | 40 | 50 | 102.00 | 0 | 3 |
| Fine Arts - Other Fine Arts | 0 | 2 | 0 | 0 | 20 | 85 | 90.00 | 0 | 2 |
| Science - Other Science | 0 | 2 | 0 | 0 | 20 | 71 | 81.50 | 0 | 1 |
| Philosophy | 0 | 2 | 1 | 0 | 15 | 64 | 65.00 | 1 | 1 |
| Mythology | 0 | 2 | 1 | 1 | 15 | 85 | 104.00 | 1 | 1 |
| Science - Physics | 0 | 1 | 0 | 0 | 10 | 92 | 92.00 | 0 | 0 |
| Social Science | 0 | 1 | 1 | 0 | 5 | 77 | 77.00 | 1 | 1 |